Datum a čas kvízu
28
Celkem bodů
Celkový počet nahraných bodů na tomto kvízu bez doplňovacích otázek.
3.
Pořadí na kvízu
Konečné umístění týmu na tomto kvízu.
Zaznamenané odpovědi
| # | Otázka | Odpověď | Body | Výsledky |
|---|---|---|---|---|
| 1. | Tramvaje Dopravního podniku hl... | NATO | 1 | |
| 2. | Dvaaosmdesátiletý prezident Ab... | Alžírsko | 0 | |
| 3. | Stejně jako je _____ _____ cen... | Skleněný pokoj | 1 | |
| 4. | Možná jste i Vy zaznamenali, ž... | 1 | ||
| 5. | V minulých dnech bylo oznámeno... | do Saúdské Arábie | 1 | |
| 1. | Toto téma jste vybrali prostře... | DEA | 1 | |
| 2. | Seriál The Crown, popisující ž... | na území Řecka | 0 | |
| 3. | Jak se nazývá velké anglické m... | Birmingham | 1 | |
| 4. | Herečku Robin Wrightovou, jedn... | Forrest Gump | 1 | |
| 5. | Jak se jmenuje český herec, da... | Aleš Háma | 0 |